000 00571cam a22002291 4500
001 sa 68018349
003 DLC
005 20260227112710.0
008 950308s1967 ii 000 0 tamo
010 _asa 68018349
025 _aPL480:I-T-2248
035 _a(OCoLC)32111045
040 _aDLC
_cCU
_dCU
_dDLC
042 _apremarc
050 0 0 _aBF1623.P9
_bS93
100 2 _aSusai Rajah, S. A.,
_d1908-
245 1 0 _aTamil̲ niyūmarālaji.
_bNumeralogy.
260 _c[1967]
300 _a91 p.
_c18 cm.
500 _aIn Tamil.
650 0 _aSymbolism of Numbers.
999 _c88346
_d88346